Países que empiezan por G - Estadísticas

Estadísticas generales
  • Esta prueba ha sido intentada 432 veces
  • La puntuación promedio es 9 de 11
Estadísticas de respuestas
Respuesta % Correcto
Guinea
93%
Guinea Ecuatorial
90%
Guinea-Bissau
84%
Gambia
83%
Guatemala
79%
Gabón
78%
Grecia
78%
Ghana
75%
Georgia
73%
Granada
72%
Guyana
71%
No se encontraron pruebas coincidentes
Distribución de puntuación
Porcentaje de gente con cada puntuación
Porcentaje por número respondido
Historial de tus puntuaciones
No has intentado esta prueba.